Normal view
MARC view
- Kasi,Noreen
Entry Personal Name
001 - CONTROL NUMBER
- control field: 4993
003 - CONTROL NUMBER IDENTIFIER
- control field: NUST
005 - DATE AND TIME OF LATEST TRANSACTION
- control field: 20170926114449.0
008 - FIXED-LENGTH DATA ELEMENTS
- fixed length control field: 170926|| aca||aabn | a|a d
040 ## - CATALOGING SOURCE
- Original cataloging agency: NUST
- Transcribing agency: NUST
100 ## - HEADING--PERSONAL NAME
- Personal name: Kasi,Noreen
670 ## - SOURCE DATA FOUND
- Source citation: Work cat.: (NUST): Kasi,Noreen, Sector-wise productivity and spillover effects of foreign direct investment in the selected SAARC countries, 2015
